000 00340 a2200157 4500
001 63840
020 _a9788587826312
040 _cAnchieta - Pituba
100 _aLyra, Itaberaba
240 1 0 _aJá dizia minha avó...
_lpor
245 1 0 _aJá dizia minha avó...
300 _a174
362 0 _a20103
650 4 _aFolclore
942 _cBK
999 _c63840
_d63840